00500 2200181 4500001002100000005001500021035002000036245008900056100001500145250001700160300002600177700001900203260003600222082001100258084001700269020002200286650001000308INLIS00000000000108020250503073458 a0010-05250000241 aKamus Lengkap :bInggris-Indonesia - Indonesia-Inggris /cWojowasito; Poerwadarminta0 aWojowasito acetakan ke-1 a648 hlm :b- ;c20 cm0 aPoerwadarminta aBandung :bHasta Bandung,c2007 a413.21 a413.21 WOJ k a978-979-168-100-1 4aKamus